Riflessioni fatti al discorso sopra L'asilo ecclesiàstico stampato nel 1763 in data di Firenze

Detalles Bibliográficos
Formato: Libro
Publicado: Bolonia 1767
Materias:
Colección:Banco de datos
Acervo:Biblioteca Nacional de Antropología e Historia. Fondo Conventual
Tema general:Derecho Eclesiástico
Notas:Buena. XVII, 1, 15. Encuadernada con otras cinco obras.
LEADER 00693nam a22001810004500
035 |a 6954 
036 |a 1559 
245 1 0 |a Riflessioni fatti al discorso sopra L'asilo ecclesiàstico stampato nel 1763 in data di Firenze 
260 |a Bolonia  |b Lelio dalla Volpe  |c 1767 
500 |a Buena. XVII, 1, 15. Encuadernada con otras cinco obras. 
650 1 0 |a Derecho Eclesiástico 
949 |a B.N.A.H. 
959 |a Biblioteca Nacional de Antropología e Historia. Ciudad de México  |b CCC1 
960 |a Seminario de Morelia  |b DD56 
961 |a Casa de formación del Clero Secular  |b CS 
942 |c B.N.A.H. 
943 |g Biblioteca Nacional de Antropología e Historia. Fondo Conventual 
999 |c 1031486  |d 1031486